Najlepsi Piłkarze - Statystyki

Ogólne statystyki
  • Ten quiz został rozwiązany 237 razy
    187 od ostatniego zresetowania
  • Średni wynik to 5 z 8
Statystyki odpowiedzi
Hint Odpowiedź % Poprawnych
Argentyna Messi
99%
Portugalia Ronaldo
98%
Polska Lewandowski
93%
Chorwacja Modrić
83%
Holandia Van Dijk
56%
Francja Benzema
38%
Brazylia Neymar JR
36%
Holandia Thibaut Courtois
0%
Nie znaleziono quizów pasujących do podanych kryteriów
Rozkład punktacji
Procent ludzi z każdym wynikiem
Percentyl według liczby udzielonych odpowiedzi
Twoja historia wyników
Nie rozwiązałeś tego quizu od ostatniego zresetowania